[Event "ODJM A 2025"]
[Site "Willingen GER"]
[Date "2025.06.12"]
[Round "7"]
[White "Werner, Florin"]
[Black "Martin Fernandez, Rafael"]
[Result "1/2-1/2"]
[Termination "normal"]
[Board "10"]
[WhiteElo "1970"]
[BlackElo "1965"]
[WhiteClock "00:01:58"]
[BlackClock "00:05:28"]
[PlyCount "143"]
[WhiteFideId "16250230"]
[BlackFideId "34605550"]
[EventCountry "GER"]
[EventRounds "9"]
[EventType "swiss"]
[EventDate "2025.06.07"]

1. e4 {[%clk 01:30:49]} {[%emt 00:00:10]} c5 {[%clk 01:30:57]} {[%emt
00:00:05]} 2. Nf3 {[%clk 01:31:09]} {[%emt 00:00:10]} d6 {[%clk 01:31:22]}
{[%emt 00:00:04]} 3. d4 {[%clk 01:31:28]} {[%emt 00:00:11]} cxd4 {[%clk
01:31:48]} {[%emt 00:00:03]} 4. Nxd4 {[%clk 01:31:51]} {[%emt 00:00:06]} Nf6
{[%clk 01:32:12]} {[%emt 00:00:07]} 5. Nc3 {[%clk 01:32:10]} {[%emt 00:00:10]}
a6 {[%clk 01:32:38]} {[%emt 00:00:06]} 6. Bc4 {[%clk 01:31:49]} {[%emt
00:00:50]} e6 {[%clk 01:32:47]} {[%emt 00:00:21]} 7. Bb3 {[%clk 01:31:59]}
{[%emt 00:00:20]} Nbd7 {[%clk 01:29:48]} {[%emt 00:03:29]} 8. Be3 {[%clk
01:31:54]} {[%emt 00:00:35]} Nc5 {[%clk 01:28:50]} {[%emt 00:01:28]} 9. f3
{[%clk 01:31:59]} {[%emt 00:00:24]} Be7 {[%clk 01:27:47]} {[%emt 00:01:33]} 10.
g4 {[%clk 01:32:04]} {[%emt 00:00:25]} Nfd7 {[%clk 01:24:44]} {[%emt 00:03:33]}
11. Qd2 {[%clk 01:32:03]} {[%emt 00:00:31]} Bh4+ {[%clk 01:24:04]} {[%emt
00:01:10]} 12. Bf2 {[%clk 01:32:26]} {[%emt 00:00:07]} Bxf2+ {[%clk 01:21:09]}
{[%emt 00:03:25]} 13. Kxf2 {[%clk 01:31:39]} {[%emt 00:01:17]} b5 {[%clk
01:11:52]} {[%emt 00:09:48]} 14. h4 {[%clk 01:30:16]} {[%emt 00:01:52]} Bb7
{[%clk 01:09:43]} {[%emt 00:02:40]} 15. g5 {[%clk 01:29:40]} {[%emt 00:01:06]}
Ne5 {[%clk 01:03:11]} {[%emt 00:07:01]} 16. a3 {[%clk 01:28:46]} {[%emt
00:01:24]} Qb6 {[%clk 01:01:35]} {[%emt 00:02:05]} 17. Ke2 {[%clk 01:28:24]}
{[%emt 00:00:52]} Rc8 {[%clk 00:57:42]} {[%emt 00:04:24]} 18. h5 {[%clk
01:12:55]} {[%emt 00:15:59]} Nxb3 {[%clk 00:46:01]} {[%emt 00:12:12]} 19. cxb3
{[%clk 01:10:07]} {[%emt 00:03:17]} Rc5 {[%clk 00:45:05]} {[%emt 00:01:26]} 20.
Rad1 {[%clk 00:36:32]} {[%emt 00:34:05]} Ke7 {[%clk 00:30:40]} {[%emt
00:14:54]} 21. Qe3 {[%clk 00:29:23]} {[%emt 00:07:39]} Qc7 {[%clk 00:25:36]}
{[%emt 00:05:36]} 22. Rhe1 {[%clk 00:14:22]} {[%emt 00:15:30]} Nc6 {[%clk
00:18:34]} {[%emt 00:07:31]} 23. Rg1 {[%clk 00:09:34]} {[%emt 00:05:18]} Nxd4+
{[%clk 00:17:49]} {[%emt 00:01:16]} 24. Qxd4 {[%clk 00:09:45]} {[%emt
00:00:19]} Rg8 {[%clk 00:15:51]} {[%emt 00:02:28]} 25. h6 {[%clk 00:03:23]}
{[%emt 00:06:52]} e5 {[%clk 00:15:31]} {[%emt 00:00:50]} 26. Qe3 {[%clk
00:03:52]} {[%emt 00:00:01]} g6 {[%clk 00:14:49]} {[%emt 00:01:11]} 27. Rgf1
{[%clk 00:02:49]} {[%emt 00:01:34]} a5 {[%clk 00:11:16]} {[%emt 00:04:04]} 28.
Rd2 {[%clk 00:00:34]} {[%emt 00:02:44]} b4 {[%clk 00:11:00]} {[%emt 00:00:45]}
29. axb4 {[%emt 00:00:27]} axb4 {[%clk 00:11:11]} {[%emt 00:00:18]} 30. Na4
{[%clk 00:00:53]} {[%emt 00:00:16]} Rc2 {[%clk 00:08:50]} {[%emt 00:02:49]} 31.
Rfd1 {[%clk 00:00:59]} {[%emt 00:00:25]} Ba6+ {[%clk 00:08:21]} {[%emt
00:00:59]} 32. Kf2 {[%clk 00:01:16]} {[%emt 00:00:13]} Rxd2+ {[%clk 00:07:43]}
{[%emt 00:01:08]} 33. Qxd2 {[%clk 00:01:13]} {[%emt 00:00:34]} Rb8 {[%clk
00:07:05]} {[%emt 00:01:07]} 34. Rc1 {[%clk 00:00:53]} {[%emt 00:00:51]} Qa7+
{[%clk 00:06:59]} {[%emt 00:00:34]} 35. Kg3 {[%clk 00:01:19]} {[%emt 00:00:05]}
Rc8 {[%clk 00:04:53]} {[%emt 00:02:36]} 36. Rd1 {[%clk 00:00:50]} {[%emt
00:01:00]} Qb8 {[%clk 00:03:44]} {[%emt 00:01:39]} 37. f4 {[%clk 00:00:41]}
{[%emt 00:00:39]} Rd8 {[%clk 00:03:05]} {[%emt 00:01:09]} 38. Qe3 {[%clk
00:00:47]} {[%emt 00:00:24]} exf4+ {[%clk 00:02:27]} {[%emt 00:01:09]} 39. Qxf4
{[%clk 00:01:06]} {[%emt 00:00:11]} Ke8 {[%clk 00:02:13]} {[%emt 00:00:42]} 40.
Kf3 {[%clk 00:00:35]} {[%emt 00:01:02]} Qb5 {[%clk 00:01:47]} {[%emt 00:00:55]}
41. Qe3 {[%clk 00:25:40]} {[%emt 00:05:25]} Rc8 {[%clk 00:29:19]} {[%emt
00:02:58]} 42. Qd2 {[%clk 00:09:56]} {[%emt 00:16:14]} Rc6 {[%clk 00:25:52]}
{[%emt 00:03:57]} 43. Re1 {[%clk 00:02:03]} {[%emt 00:08:23]} Qe5 {[%clk
00:17:14]} {[%emt 00:09:07]} 44. Qd5 {[%clk 00:01:02]} {[%emt 00:01:32]} Bb7
{[%clk 00:16:05]} {[%emt 00:01:38]} 45. Qxe5+ {[%clk 00:00:37]} {[%emt
00:00:56]} dxe5 {[%clk 00:16:30]} {[%emt 00:00:04]} 46. Rd1 {[%clk 00:00:31]}
{[%emt 00:00:36]} Rc2 {[%clk 00:13:54]} {[%emt 00:03:05]} 47. Rd6 {[%clk
00:00:38]} {[%emt 00:00:23]} Bc6 {[%clk 00:11:18]} {[%emt 00:03:07]} 48. Nb6
{[%clk 00:00:43]} {[%emt 00:00:26]} Ke7 {[%clk 00:10:07]} {[%emt 00:01:40]} 49.
Nc8+ {[%clk 00:01:08]} {[%emt 00:00:05]} Ke8 {[%clk 00:10:05]} {[%emt
00:00:33]} 50. Nb6 {[%clk 00:01:35]} {[%emt 00:00:04]} Bb7 {[%clk 00:08:06]}
{[%emt 00:02:27]} 51. Nc4 {[%clk 00:01:33]} {[%emt 00:00:32]} Ke7 {[%clk
00:07:39]} {[%emt 00:00:56]} 52. Rb6 {[%clk 00:01:59]} {[%emt 00:00:06]} Bc8
{[%clk 00:07:24]} {[%emt 00:00:44]} 53. Rxb4 {[%clk 00:02:10]} {[%emt
00:00:21]} Be6 {[%clk 00:06:26]} {[%emt 00:01:25]} 54. Rb7+ {[%clk 00:01:42]}
{[%emt 00:00:59]} Ke8 {[%clk 00:06:01]} {[%emt 00:00:55]} 55. Nxe5 {[%clk
00:02:02]} {[%emt 00:00:10]} Rxb2 {[%clk 00:06:21]} {[%emt 00:00:11]} 56. Nxg6
{[%clk 00:01:27]} {[%emt 00:01:04]} fxg6 {[%clk 00:06:16]} {[%emt 00:00:34]}
57. Rxh7 {[%clk 00:01:54]} {[%emt 00:00:04]} Rxb3+ {[%clk 00:06:26]} {[%emt
00:00:20]} 58. Kf4 {[%clk 00:02:20]} {[%emt 00:00:05]} Bf7 {[%clk 00:03:43]}
{[%emt 00:03:12]} 59. Ke5 {[%clk 00:01:51]} {[%emt 00:01:00]} Ke7 {[%clk
00:03:55]} {[%emt 00:00:16]} 60. Rh8 {[%clk 00:02:02]} {[%emt 00:00:20]} Rh3
{[%clk 00:03:20]} {[%emt 00:01:04]} 61. Ra8 {[%clk 00:01:52]} {[%emt 00:00:41]}
Be6 {[%clk 00:02:48]} {[%emt 00:01:02]} 62. Ra6 {[%clk 00:02:19]} {[%emt
00:00:03]} Bf7 {[%clk 00:02:59]} {[%emt 00:00:19]} 63. Ra7+ {[%clk 00:02:33]}
{[%emt 00:00:16]} Kf8 {[%clk 00:03:07]} {[%emt 00:00:22]} 64. Rb7 {[%clk
00:01:49]} {[%emt 00:01:15]} Rh1 {[%clk 00:02:53]} {[%emt 00:00:42]} 65. Kf6
{[%clk 00:02:12]} {[%emt 00:00:08]} Rf1+ {[%clk 00:03:16]} {[%emt 00:00:07]}
66. Ke5 {[%clk 00:02:39]} {[%emt 00:00:03]} Rh1 {[%clk 00:03:36]} {[%emt
00:00:09]} 67. Ra7 {[%clk 00:02:38]} {[%emt 00:00:32]} Rh2 {[%clk 00:03:58]}
{[%emt 00:00:07]} 68. Kf6 {[%clk 00:01:02]} {[%emt 00:02:07]} Rf2+ {[%clk
00:04:22]} {[%emt 00:00:06]} 69. Ke5 {[%clk 00:01:20]} {[%emt 00:00:12]} Rh2
{[%clk 00:04:48]} {[%emt 00:00:04]} 70. Ra8+ {[%clk 00:01:31]} {[%emt
00:00:19]} Ke7 {[%clk 00:05:04]} {[%emt 00:00:13]} 71. Ra7+ {[%clk 00:01:47]}
{[%emt 00:00:15]} Kf8 {[%clk 00:05:28]} {[%emt 00:00:06]} 72. Kf6 {[%clk
00:01:58]} {[%emt 00:00:19]} 1/2-1/2

[Event "ODJM A 2025"]
[Site "Willingen GER"]
[Date "2025.06.12"]
[Round "7"]
[White "Zweigait, Leon"]
[Black "Meiwes, Thore"]
[Result "0-1"]
[Termination "normal"]
[Board "11"]
[WhiteElo "1913"]
[BlackElo "2139"]
[WhiteClock "00:18:06"]
[BlackClock "00:15:28"]
[PlyCount "138"]
[WhiteFideId "16201388"]
[BlackFideId "16201256"]
[EventCountry "GER"]
[EventRounds "9"]
[EventType "swiss"]
[EventDate "2025.06.07"]

1. e4 {[%clk 01:30:58]} {[%emt 00:00:02]} c6 {[%clk 01:30:56]} {[%emt
00:00:05]} 2. Nf3 {[%clk 01:31:19]} {[%emt 00:00:08]} d5 {[%clk 01:31:22]}
{[%emt 00:00:04]} 3. Nc3 {[%clk 01:31:43]} {[%emt 00:00:06]} dxe4 {[%clk
01:31:48]} {[%emt 00:00:03]} 4. Nxe4 {[%clk 01:32:05]} {[%emt 00:00:09]} Nf6
{[%clk 01:32:14]} {[%emt 00:00:04]} 5. Qe2 {[%clk 01:32:25]} {[%emt 00:00:10]}
Nxe4 {[%clk 01:32:36]} {[%emt 00:00:08]} 6. Qxe4 {[%clk 01:32:50]} {[%emt
00:00:05]} Qa5 {[%clk 01:32:51]} {[%emt 00:00:15]} 7. Bc4 {[%clk 01:32:34]}
{[%emt 00:00:46]} Bf5 {[%clk 01:33:07]} {[%emt 00:00:14]} 8. Qf4 {[%clk
01:32:50]} {[%emt 00:00:13]} e6 {[%clk 01:33:28]} {[%emt 00:00:08]} 9. O-O
{[%clk 01:32:39]} {[%emt 00:00:42]} Nd7 {[%clk 01:33:37]} {[%emt 00:00:21]} 10.
d3 {[%clk 01:31:25]} {[%emt 00:01:44]} h6 {[%clk 01:33:34]} {[%emt 00:00:33]}
11. Bd2 {[%clk 01:31:15]} {[%emt 00:00:41]} Qc5 {[%clk 01:27:01]} {[%emt
00:07:00]} 12. Bc3 {[%clk 01:29:47]} {[%emt 00:02:00]} Bd6 {[%clk 01:20:36]}
{[%emt 00:06:55]} 13. Qe3 {[%clk 01:23:36]} {[%emt 00:06:41]} O-O {[%clk
01:13:03]} {[%emt 00:08:03]} 14. a3 {[%clk 01:18:45]} {[%emt 00:05:22]} Nb6
{[%clk 01:03:08]} {[%emt 00:10:24]} 15. Nd2 {[%clk 01:13:40]} {[%emt 00:05:35]}
Nd5 {[%clk 00:58:21]} {[%emt 00:05:17]} 16. Bxd5 {[%clk 01:03:02]} {[%emt
00:11:09]} cxd5 {[%clk 00:57:10]} {[%emt 00:01:41]} 17. Nb3 {[%clk 01:02:26]}
{[%emt 00:01:06]} Qc7 {[%clk 00:55:40]} {[%emt 00:02:00]} 18. f4 {[%clk
00:58:59]} {[%emt 00:03:56]} Rfc8 {[%clk 00:48:42]} {[%emt 00:07:28]} 19. Rf2
{[%clk 00:54:23]} {[%emt 00:05:06]} b6 {[%clk 00:46:44]} {[%emt 00:02:27]} 20.
Kh1 {[%clk 00:51:23]} {[%emt 00:03:31]} Qb7 {[%clk 00:39:31]} {[%emt 00:07:43]}
21. Bd4 {[%clk 00:37:39]} {[%emt 00:14:14]} Rc7 {[%clk 00:29:15]} {[%emt
00:10:47]} 22. Qg3 {[%clk 00:36:37]} {[%emt 00:01:31]} Bg6 {[%clk 00:28:48]}
{[%emt 00:00:56]} 23. Be5 {[%clk 00:36:22]} {[%emt 00:00:45]} Bxe5 {[%clk
00:24:07]} {[%emt 00:05:13]} 24. fxe5 {[%clk 00:36:45]} {[%emt 00:00:04]} d4
{[%clk 00:24:32]} {[%emt 00:00:08]} 25. Nxd4 {[%clk 00:36:23]} {[%emt
00:00:52]} Qd5 {[%clk 00:24:44]} {[%emt 00:00:17]} 26. c3 {[%clk 00:30:22]}
{[%emt 00:06:31]} Rd8 {[%clk 00:23:02]} {[%emt 00:02:13]} 27. Qe3 {[%clk
00:28:37]} {[%emt 00:02:14]} b5 {[%clk 00:21:45]} {[%emt 00:01:47]} 28. Rc1
{[%clk 00:22:20]} {[%emt 00:06:48]} Rc5 {[%clk 00:17:49]} {[%emt 00:04:25]} 29.
b4 {[%clk 00:19:57]} {[%emt 00:02:53]} Rc7 {[%clk 00:18:16]} {[%emt 00:00:03]}
30. a4 {[%clk 00:19:30]} {[%emt 00:00:58]} bxa4 {[%clk 00:17:16]} {[%emt
00:01:30]} 31. Rf4 {[%clk 00:18:10]} {[%emt 00:01:50]} Qa2 {[%clk 00:15:24]}
{[%emt 00:02:20]} 32. Rf2 {[%clk 00:16:56]} {[%emt 00:01:44]} Qd5 {[%clk
00:15:52]} {[%emt 00:00:03]} 33. Rf4 {[%clk 00:15:37]} {[%emt 00:01:49]} Qa2
{[%clk 00:14:00]} {[%emt 00:02:21]} 34. Rf2 {[%clk 00:12:44]} {[%emt 00:03:23]}
Qd5 {[%clk 00:14:21]} {[%emt 00:00:10]} 35. Rfc2 {[%clk 00:11:11]} {[%emt
00:02:03]} Qb7 {[%clk 00:12:43]} {[%emt 00:02:08]} 36. Ra1 {[%clk 00:10:58]}
{[%emt 00:00:44]} Qb6 {[%clk 00:12:00]} {[%emt 00:01:13]} 37. Rcc1 {[%clk
00:09:34]} {[%emt 00:01:53]} Rdc8 {[%clk 00:10:50]} {[%emt 00:01:41]} 38. Qd2
{[%clk 00:07:33]} {[%emt 00:02:31]} a5 {[%clk 00:10:40]} {[%emt 00:00:40]} 39.
b5 {[%clk 00:07:09]} {[%emt 00:00:53]} Rc5 {[%clk 00:10:41]} {[%emt 00:00:29]}
40. Rxa4 {[%clk 00:03:34]} {[%emt 00:04:06]} Kh7 {[%clk 00:06:47]} {[%emt
00:04:23]} 41. c4 {[%clk 00:30:27]} {[%emt 00:03:38]} Rxe5 {[%clk 00:36:12]}
{[%emt 00:01:04]} 42. Nf3 {[%clk 00:30:00]} {[%emt 00:00:57]} Qe3 {[%clk
00:34:10]} {[%emt 00:02:33]} 43. Qxe3 Rxe3 {[%clk 00:34:37]} 44. d4 {[%clk
00:26:51]} {[%emt 00:02:36]} Be4 {[%clk 00:34:26]} {[%emt 00:00:42]} 45. c5
{[%clk 00:26:24]} {[%emt 00:00:57]} Bxf3 {[%clk 00:25:46]} {[%emt 00:09:10]}
46. gxf3 {[%clk 00:26:31]} {[%emt 00:00:23]} Rxf3 {[%clk 00:25:39]} {[%emt
00:00:37]} 47. b6 {[%clk 00:26:25]} {[%emt 00:00:37]} Rb3 {[%clk 00:25:49]}
{[%emt 00:00:18]} 48. Rxa5 {[%clk 00:26:48]} {[%emt 00:00:08]} Rxb6 {[%clk
00:25:58]} {[%emt 00:00:22]} 49. Kg2 {[%clk 00:25:23]} {[%emt 00:01:55]} Rb4
{[%clk 00:25:42]} {[%emt 00:00:45]} 50. Rd1 {[%clk 00:24:26]} {[%emt 00:01:27]}
Rd8 {[%clk 00:25:50]} {[%emt 00:00:22]} 51. c6 {[%clk 00:24:33]} {[%emt
00:00:23]} Rbxd4 {[%clk 00:24:42]} {[%emt 00:01:38]} 52. Rc1 {[%clk 00:21:17]}
{[%emt 00:03:46]} Rc8 {[%clk 00:24:46]} {[%emt 00:00:25]} 53. c7 {[%clk
00:21:31]} {[%emt 00:00:17]} Rd7 {[%clk 00:25:02]} {[%emt 00:00:13]} 54. Rac5
{[%clk 00:20:42]} {[%emt 00:01:20]} g5 {[%clk 00:21:33]} {[%emt 00:03:58]} 55.
Kf3 {[%clk 00:17:52]} {[%emt 00:03:21]} f5 {[%clk 00:21:22]} {[%emt 00:00:40]}
56. Rc6 {[%clk 00:17:40]} {[%emt 00:00:42]} Re7 {[%clk 00:19:47]} {[%emt
00:02:06]} 57. Ke3 {[%clk 00:15:49]} {[%emt 00:02:21]} Kg7 {[%clk 00:19:34]}
{[%emt 00:00:42]} 58. Kd4 {[%clk 00:15:48]} {[%emt 00:00:32]} Kf6 {[%clk
00:19:48]} {[%emt 00:00:15]} 59. R1c5 {[%clk 00:16:08]} {[%emt 00:00:11]} g4
{[%clk 00:18:11]} {[%emt 00:02:06]} 60. Kc4 {[%clk 00:16:23]} {[%emt 00:00:17]}
Kg5 {[%clk 00:17:18]} {[%emt 00:01:21]} 61. Kb5 {[%clk 00:16:37]} {[%emt
00:00:17]} e5 {[%clk 00:17:20]} {[%emt 00:00:27]} 62. Kb6 {[%clk 00:16:10]}
{[%emt 00:00:59]} e4 {[%clk 00:17:26]} {[%emt 00:00:22]} 63. Rd6 {[%clk
00:15:41]} {[%emt 00:00:59]} e3 {[%clk 00:16:59]} {[%emt 00:00:57]} 64. Rd8
{[%clk 00:16:08]} {[%emt 00:00:03]} Rcxc7 {[%clk 00:16:31]} {[%emt 00:00:59]}
65. Rxc7 {[%clk 00:16:33]} {[%emt 00:00:05]} Rxc7 {[%clk 00:16:54]} {[%emt
00:00:06]} 66. Kxc7 {[%clk 00:16:54]} {[%emt 00:00:10]} f4 {[%clk 00:15:31]}
{[%emt 00:01:52]} 67. Re8 {[%clk 00:17:14]} {[%emt 00:00:10]} f3 {[%clk
00:14:51]} {[%emt 00:01:10]} 68. Rxe3 {[%clk 00:17:39]} {[%emt 00:00:05]} f2
{[%clk 00:15:09]} {[%emt 00:00:13]} 69. Re5+ {[%clk 00:18:06]} {[%emt
00:00:03]} Kg6 {[%clk 00:15:28]} {[%emt 00:00:09]} 0-1

[Event "ODJM A 2025"]
[Site "Willingen GER"]
[Date "2025.06.12"]
[Round "7"]
[White "Paeslack, Luis"]
[Black "Schmidt, Boris"]
[Result "1/2-1/2"]
[Termination "normal"]
[Board "12"]
[WhiteElo "2091"]
[BlackElo "1930"]
[WhiteClock "00:04:10"]
[BlackClock "00:53:18"]
[PlyCount "49"]
[WhiteFideId "12987760"]
[BlackFideId "16238036"]
[EventCountry "GER"]
[EventRounds "9"]
[EventType "swiss"]
[EventDate "2025.06.07"]

1. d4 {[%clk 01:30:57]} {[%emt 00:00:03]} Nf6 {[%clk 01:30:56]} {[%emt
00:00:04]} 2. c4 {[%clk 01:31:13]} {[%emt 00:00:15]} c6 {[%clk 01:31:23]}
{[%emt 00:00:04]} 3. Nc3 {[%clk 01:30:52]} {[%emt 00:00:50]} d5 {[%clk
01:31:48]} {[%emt 00:00:05]} 4. Nf3 {[%clk 01:30:37]} {[%emt 00:00:45]} dxc4
{[%clk 01:32:10]} {[%emt 00:00:08]} 5. a4 {[%clk 01:29:54]} {[%emt 00:01:14]}
Bf5 {[%clk 01:32:32]} {[%emt 00:00:08]} 6. Ne5 {[%clk 01:29:26]} {[%emt
00:00:58]} Nbd7 {[%clk 01:32:41]} {[%emt 00:00:21]} 7. Nxc4 {[%clk 01:28:49]}
{[%emt 00:01:06]} Nb6 {[%clk 01:32:58]} {[%emt 00:00:14]} 8. Ne5 {[%clk
01:27:44]} {[%emt 00:01:35]} a5 {[%clk 01:33:10]} {[%emt 00:00:19]} 9. e3
{[%clk 01:27:44]} {[%emt 00:00:30]} e6 {[%clk 01:33:34]} {[%emt 00:00:05]} 10.
g4 {[%clk 01:24:37]} {[%emt 00:03:37]} Bg6 {[%clk 01:25:30]} {[%emt 00:08:34]}
11. h4 {[%clk 01:21:21]} {[%emt 00:03:46]} h5 {[%clk 01:22:42]} {[%emt
00:03:18]} 12. Nxg6 {[%clk 01:06:57]} {[%emt 00:14:55]} fxg6 {[%clk 01:23:07]}
{[%emt 00:00:04]} 13. Qc2 {[%clk 00:50:33]} {[%emt 00:16:54]} hxg4 {[%clk
01:22:36]} {[%emt 00:01:02]} 14. Qxg6+ {[%clk 00:50:37]} {[%emt 00:00:25]} Kd7
{[%clk 01:19:45]} {[%emt 00:03:22]} 15. e4 {[%clk 00:35:31]} {[%emt 00:15:35]}
Qe8 {[%clk 01:20:07]} {[%emt 00:00:08]} 16. Qg5 {[%clk 00:30:45]} {[%emt
00:05:16]} Rh5 {[%clk 01:18:41]} {[%emt 00:01:56]} 17. Qe3 {[%clk 00:28:51]}
{[%emt 00:02:25]} Qd8 {[%clk 01:13:29]} {[%emt 00:05:42]} 18. Bd2 {[%clk
00:22:35]} {[%emt 00:06:46]} g5 {[%clk 01:12:30]} {[%emt 00:01:29]} 19. Qg3
{[%clk 00:18:23]} {[%emt 00:04:41]} gxh4 {[%clk 01:11:40]} {[%emt 00:01:21]}
20. Qg1 {[%clk 00:13:30]} {[%emt 00:05:24]} Bb4 {[%clk 00:54:33]} {[%emt
00:17:35]} 21. e5 {[%clk 00:12:57]} {[%emt 00:01:04]} Bxc3 {[%clk 00:53:15]}
{[%emt 00:01:48]} 22. bxc3 {[%clk 00:11:48]} {[%emt 00:01:38]} Nfd5 {[%clk
00:53:08]} {[%emt 00:00:38]} 23. Qxg4 {[%clk 00:10:38]} {[%emt 00:01:40]} Qh8
{[%clk 00:53:34]} {[%emt 00:00:04]} 24. Bh3 {[%clk 00:05:42]} {[%emt 00:05:26]}
Re8 {[%clk 00:53:18]} {[%emt 00:00:45]} 25. Qe2 {[%clk 00:04:10]} {[%emt
00:02:02]} 1/2-1/2

[Event "ODJM A 2025"]
[Site "Willingen GER"]
[Date "2025.06.12"]
[Round "7"]
[White "Longo, Massimo"]
[Black "Walz, Fabian"]
[Result "1-0"]
[Termination "normal"]
[Board "13"]
[WhiteElo "2081"]
[BlackElo "1960"]
[WhiteClock "00:11:16"]
[BlackClock "00:23:07"]
[PlyCount "63"]
[WhiteFideId "16205227"]
[BlackFideId "34618520"]
[EventCountry "GER"]
[EventRounds "9"]
[EventType "swiss"]
[EventDate "2025.06.07"]

1. d4 {[%clk 01:30:58]} {[%emt 00:00:02]} d5 {[%clk 01:30:54]} {[%emt
00:00:06]} 2. Nf3 {[%clk 01:31:23]} {[%emt 00:00:04]} Nf6 {[%clk 01:31:16]}
{[%emt 00:00:08]} 3. e3 {[%clk 01:31:46]} {[%emt 00:00:06]} e6 {[%clk
01:31:33]} {[%emt 00:00:14]} 4. Bd3 {[%clk 01:32:08]} {[%emt 00:00:09]} Be7
{[%clk 01:30:54]} {[%emt 00:01:09]} 5. O-O {[%clk 01:32:22]} {[%emt 00:00:15]}
O-O {[%clk 01:31:16]} {[%emt 00:00:06]} 6. Nbd2 {[%clk 01:32:43]} {[%emt
00:00:11]} a6 {[%clk 01:27:39]} {[%emt 00:04:07]} 7. b3 {[%clk 01:32:36]}
{[%emt 00:00:37]} b5 {[%clk 01:27:34]} {[%emt 00:00:35]} 8. c4 {[%clk
01:28:07]} {[%emt 00:04:59]} bxc4 {[%clk 01:20:28]} {[%emt 00:07:37]} 9. bxc4
{[%clk 01:27:22]} {[%emt 00:01:15]} c5 {[%clk 01:20:13]} {[%emt 00:00:44]} 10.
cxd5 {[%clk 01:24:04]} {[%emt 00:03:47]} cxd4 {[%clk 01:18:05]} {[%emt
00:02:39]} 11. e4 {[%clk 01:18:49]} {[%emt 00:05:44]} exd5 {[%clk 01:09:14]}
{[%emt 00:09:22]} 12. e5 {[%clk 01:16:59]} {[%emt 00:02:20]} Nfd7 {[%clk
01:07:16]} {[%emt 00:02:28]} 13. Qc2 {[%clk 01:13:12]} {[%emt 00:04:18]} h6
{[%clk 01:05:40]} {[%emt 00:02:05]} 14. Nb3 {[%clk 01:10:05]} {[%emt 00:03:36]}
Bb7 {[%clk 01:05:37]} {[%emt 00:00:33]} 15. Nbxd4 {[%clk 00:58:40]} {[%emt
00:11:56]} Nc5 {[%clk 01:03:50]} {[%emt 00:02:17]} 16. Bh7+ {[%clk 00:46:03]}
{[%emt 00:13:07]} Kh8 {[%clk 01:04:12]} {[%emt 00:00:07]} 17. e6 {[%clk
00:46:28]} {[%emt 00:00:05]} Ne4 {[%clk 00:54:45]} {[%emt 00:09:57]} 18. Bf5
{[%clk 00:39:46]} {[%emt 00:07:13]} Qc8 {[%clk 00:37:45]} {[%emt 00:17:29]} 19.
Qb3 {[%clk 00:30:31]} {[%emt 00:09:46]} Nc5 {[%clk 00:35:13]} {[%emt 00:03:01]}
20. Qe3 {[%clk 00:30:51]} {[%emt 00:00:10]} Nxe6 {[%clk 00:33:45]} {[%emt
00:01:58]} 21. Ne5 {[%clk 00:24:58]} {[%emt 00:06:24]} Bg5 {[%clk 00:27:21]}
{[%emt 00:06:54]} 22. Qh3 {[%clk 00:25:12]} {[%emt 00:00:15]} Qc7 {[%clk
00:25:59]} {[%emt 00:01:52]} 23. Nxe6 {[%clk 00:17:56]} {[%emt 00:07:47]} Qxe5
{[%clk 00:25:13]} {[%emt 00:01:16]} 24. Nxf8 {[%clk 00:18:14]} {[%emt
00:00:11]} Qxa1 {[%clk 00:24:09]} {[%emt 00:01:34]} 25. Bxg5 {[%clk 00:18:36]}
{[%emt 00:00:08]} Qe5 {[%clk 00:24:33]} {[%emt 00:00:06]} 26. Bh4 {[%clk
00:15:15]} {[%emt 00:03:51]} g6 {[%clk 00:24:01]} {[%emt 00:01:01]} 27. Bc8
{[%clk 00:11:45]} {[%emt 00:04:00]} Bc6 {[%clk 00:21:31]} {[%emt 00:02:59]} 28.
Nd7 {[%clk 00:10:17]} {[%emt 00:02:00]} Qc7 {[%clk 00:21:50]} {[%emt 00:00:11]}
29. Bf6+ {[%clk 00:10:28]} {[%emt 00:00:19]} Kh7 {[%clk 00:22:15]} {[%emt
00:00:06]} 30. Nf8+ {[%clk 00:10:51]} {[%emt 00:00:07]} Kg8 {[%clk 00:22:41]}
{[%emt 00:00:04]} 31. Qxh6 {[%clk 00:11:16]} {[%emt 00:00:05]} Ra7 {[%clk
00:23:07]} {[%emt 00:00:03]} 32. Qh8# {[%emt 00:00:04]} 1-0